| 000 | 01604nam a22002417a 4500 | ||
|---|---|---|---|
| 001 | 4368 | ||
| 003 | FISKH | ||
| 005 | 20240813095750.0 | ||
| 008 | 240813b cb ||||| |||| 00| 0 eng d | ||
| 020 | _a0394553691 | ||
| 040 |
_aDLC _cDLC _dDLC _beng |
||
| 050 | _aPS3551.N464 | ||
| 082 | _a818.54092 | ||
| 100 | 1 | _aAngelou, Maya. | |
| 245 | 1 | 0 |
_aI know why the caged bird sings / _cBy Maya Angelou. |
| 260 |
_aPhnom Penh : _bFootprints International School, _c2024. |
||
| 300 |
_a203 pages : _c21 cm |
||
| 520 | _aHere is a book as joyous and painful, as mysterious and memorable, as childhood itself. I Know Why the Caged Bird Sings captures the longing of lonely children, the brute insult of bigotry, and the wonder of words that can make the world right. Maya Angelou's debut memoir is a modern American classic beloved worldwide. Sent by their mother to live with their devout, self-sufficient grandmother in a small Southern town, Maya and he r brother, Bailey, endure the ache of abandonment and the prejudice of the local powhitetrash. At eight years old and back at her mother's side in St. Louis, Maya is attacked by a man many times her age and has to live with the consequences for a lifetime. Years later, in San Francisco, Maya learns that love for herself, the kindness of others, her own strong spirit, and the ideas of great authors (I met and fell in love with William Shakespeare) will allow her to be free instead of imprisoned. | ||
| 650 | 0 |
_aAfrican Americans _vBiography. |
|
| 906 |
_a7 _bcbc _corignew _d2 _encip _f19 _gy-genmusic |
||
| 942 |
_2ddc _cBK _n0 |
||
| 999 |
_c4368 _d4368 |
||